| 000 | 00473nam a22001577a 4500 | ||
|---|---|---|---|
| 008 | 140630b xxu||||| |||| 00| 0 eng d | ||
| 020 | _a9-781-408-253-458 | ||
| 082 |
_210th ed. _a346.05 EDW |
||
| 100 | _aEdward Richard&Stockwell,Nigel | ||
| 245 |
_aTrusts and equity _cRichard,Edwards and Nigel,Stockwell |
||
| 250 | _a10th ed. | ||
| 260 |
_aLondon, _bPearson Education Limited. _c2011. |
||
| 300 |
_axxxiii, 566 p.; _c24 cm |
||
| 521 | _aincludes index | ||
| 942 |
_2ddc _cBK |
||
| 999 |
_c5938 _d5938 |
||